000 00322nam a22001337a 4500
008 170830b xxu||||| |||| 00| 0 eng d
020 _a9780805846607
041 _aeng
080 _a070
100 _a39
101 _aMED
245 _aA COGNIT5IVE PHYSCHOLOGY OF MASS COMMUNICATION
_cHARRIS.R.J
942 _2udc
_cBK
999 _c25517
_d25517